000 00358nam a2200133Ia 4500
005 20260328104249.0
008 260328s9999||||xx |||||||||||||| ||und||
100 _aFerre, Albert
245 0 _aConstrucciónes Patentes new Architecture made in Catalonia /
_cAlbert Ferre
260 _bACTAR
300 _a237 p.
650 _aARQUITECTURA CIVIL
942 _cBK
999 _c10191
_d10191